LEADER 01089nam a2200217 i 4500 001 000000159586 003 CaOOAMICUS 005 20110318000000.0 008 110318s1899 it u000 u ita u 013 $a136949 040 $aSeMil$bita 100 1 $aChiminello, Francesco.$0(OLS)http://semarc/name/41899 245 13$aIl verbo francese coniugato con un metodo didattico nuovo, facile e razionale :$bopuscolo estratto dalla Grammatica della lingua francese parallela all'italiana /$cFrancesco Chiminello. 260 $aComo :$bDante Grossi,$c1899. 300 $a22 p. ;$c20 cm. 650 4$aLingua francese - Grammatica.$0(OLS)http://semarc/subject/1513 773 0 $t[Miscellanea.$w()24570 850 $aSeMil 852 $aSeMil$W1$xVenegono$y1$m5B I 26/8 FA$j111143$B111143$CSeMilBibl$Z2$F120752 $8I 996 $6245$aIl verbo francese coniugato con un metodo didattico nuovo, facile e razionale :$bopuscolo estratto dalla Grammatica della lingua francese parallela all'italiana$9(OLS)http://semarc/title/141722 996 $6260$aComo :$bDante Grossi$9(OLS)http://semarc/publisher/44226 LEADER 01234nam a2200265 i 4500 001 000000037775 003 CaOOAMICUS 005 20230309124756.0 008 050222s1982 it a u000 u mul u 040 $aSeMil$bita 245 00$a1: L'Attica /$cintroduzioni, testo e traduzione a cura di Domenico Musti ; commento a cura di Luigi Beschi e Domenico Musti. 264 1$a[Milano] :$bFondazione Lorenzo Valla :$bArnoldo Mondadori,$c1982. 300 $aCXXVI, 442 p. :$bill. ;$c21 cm 541 0 $aFondo Ciprandi (1ZA A 37/1) 546 $aTesto greco a fronte 700 1 $aBeschi, Luigi.$0(OLS)http://semarc/name/18053 700 1 $aMusti, Domenico.$0(OLS)http://semarc/name/18052 773 0 $aPausanias $tGuida della Grecia.$d[Milano] : Fondazione Lorenzo Valla : Arnoldo Mondadori, 1982-2017.$kScrittori greci e latini$g1$w()12956 850 $aSeMil 852 $aSeMil$W1$xVenegono$y1$m1ZA A 37/1$j238344$B3930$CSeMilBibl$Z2$F3930 $81 941 1 $a1 961 $aOmaggio: Ciprandi dott. Paolo 996 $6245$a1: L'Attica$9(OLS)http://semarc/title/53039 996 $6264$a[Milano] :$bFondazione Lorenzo Valla :$bArnoldo Mondadori$9(OLS)http://semarc/publisher/30147